000
00317nam a2200133Ia 4500
005
20251222143158.0
008
251222s9999||||xx |||||||||||||| ||spa||
020
_a
0-19-437224-3
082
_a
425.01/L54
100
_a
Lewis, Gordon
245
0
_a
Games For Children
264
_b
Universidad de Oxford
942
_c
LIB
999
_c
12949
_d
12949